| 000 | 00510nam a2200181Ia 4500 | ||
|---|---|---|---|
| 005 | 20250508152513.0 | ||
| 008 | 008 250505s9999 xx 000 0 hin d | ||
| 037 | _aTextual | ||
| 040 |
_aFEDL _beng _cFEDL |
||
| 041 |
_ahin _2hin |
||
| 084 |
_a901.54, SHA _qFEDL |
||
| 100 |
_aKedarnath Shastri _9761640 |
||
| 245 | 0 | _aSindhu sabhyata ka aadikendra Hadppa | |
| 260 |
_aDelhi, India _bAtma Ram and Sons _c1959 |
||
| 300 | _a249p | ||
| 942 |
_cTEXL _h901.54, SHA |
||
| 999 |
_c1336856 _d1336856 |
||